Three mistakes of my life (Record no. 129833)

MARC details
000 -LEADER
fixed length control field 00543nam a2200205Ia 4500
003 - CONTROL NUMBER IDENTIFIER
control field OSt
005 - DATE AND TIME OF LATEST TRANSACTION
control field 20260303103121.0
008 - FIXED-LENGTH DATA ELEMENTS--GENERAL INFORMATION
fixed length control field 210210b2008 xxu||||| |||| 00| 0 eng d
020 ## - INTERNATIONAL STANDARD BOOK NUMBER
International Standard Book Number 9788129113726
040 ## - CATALOGING SOURCE
Transcribing agency AL
041 ## - LANGUAGE CODE
Language code of text/sound track or separate title eng
082 ## - DEWEY DECIMAL CLASSIFICATION NUMBER
Classification number 820.33 BHAT
100 ## - MAIN ENTRY--PERSONAL NAME
Personal name Chetan Bhagat
9 (RLIN) 257391
245 ## - TITLE STATEMENT
Title Three mistakes of my life
Remainder of title : Story about business cricket and religion
260 ## - PUBLICATION, DISTRIBUTION, ETC.
Place of publication, distribution, etc. New Delhi
Name of publisher, distributor, etc. Rupa and Company
Date of publication, distribution, etc. 2008
300 ## - PHYSICAL DESCRIPTION
Extent xx,257
690 ## - LOCAL SUBJECT ADDED ENTRY--TOPICAL TERM (OCLC, RLIN)
Topical term or geographic name as entry element Indian English Fiction
9 (RLIN) 257392
906 ## - LOCAL DATA ELEMENT F, LDF (RLIN)
a 062798
942 ## - ADDED ENTRY ELEMENTS (KOHA)
Source of classification or shelving scheme Dewey Decimal Classification
Koha item type Book
Holdings
Withdrawn status Lost status Source of classification or shelving scheme Damaged status Not for loan Collection code Home library Current library Shelving location Date acquired Source of acquisition Cost, normal purchase price Total Checkouts Full call number Barcode Date last seen Date last checked out Price effective from Koha item type Total Renewals
    Dewey Decimal Classification     English St Aloysius Library St Aloysius Library Secondary stack section 02/17/2021 Higginbothams Private Limited 95.00 7 820.33 BHAT 063493 07/15/2024 07/04/2024 02/17/2021 Book  
    Dewey Decimal Classification     English St Aloysius Library St Aloysius Library   02/17/2021 Higginbothams Private Limited 95.00 15 820.33 BHAT 062798 02/26/2026 02/17/2026 02/17/2021 Book 1